Nový profil Rádia Lumen: Ideme spolu

Bibliographic Details
Main Authors: Drotárová, Marta (Author, Interviewer), Spuchľák, Juraj (Author)
Format: Article
Language:Slovak
PhysicalDescription:Fotogr.
ISSN:0139-8512
Subjects:

MARC

LEADER 00000nab a2200000 ar4500
001 vtls010031609
003 SK-MaSNL
005 20260304023217.0
008 091214c2009 xo wr|p|||||||000 b|slo
015 |a SNBRB2009/12  |2 snkbucl 
038 |a SNKBUCL 
040 |a SNKBUCL  |b slo  |c SNKBUCL  |e AACR2 
041 0 |a slo 
044 |a xo  |c SK 
080 |a 654.191(437.6):26  |2 1997 
100 1 |a Drotárová, Marta  |4 aut  |4 ivr  |9 1302887 
245 1 0 |a Nový profil Rádia Lumen: Ideme spolu  |c Marta Drotárová, Juraj Spuchľák 
300 |b Fotogr. 
610 2 7 |a Rádio Lumen  |2 snkbucl  |9 145762 
655 7 |a rozhovory  |2 snkbucl  |9 31831 
700 1 |a Spuchľák, Juraj  |4 aut  |4 ive  |9 624195 
773 0 |t Katolícke noviny  |g Roč. 124, č. 50 (2009), s. 15  |x 0139-8512 
852 |a SNK  |b KIS3GCP 
958 |a SK 
999 |c 2615113  |d 2617043